00830nam a2200193Ia 4500003000900000008004100009020001800050040001600068080002600084111011500110245023500225250001300460260005000473300001500523490003900538650001800577650001900595700002200614IN-BaIIA211028s9999 xx 000 0 eng d a1-56396-754-5 cIIA Library a535.338.3(082.1)bSPE aConference of American Institute of Physics on Spectral Line Shapesn14cPennsylvania, U.S.A.d1998 June 22-26 0aSpectral line shapesbproceedings of the conference of American Institute of Physics on spectral line shapes, vol. 10, held in Pennsylvania, U.S.A., 22-26 June 1998cedited by R. M. Herman  a14th ed. aNew YorkbAmerican Institute of Physicsc1999 axvi, 566p. aAIP conference proceedings; v. 467 aDense plasmas aSpectral lines aHerman, R. M .,ed